|
|
|
|
| LEADER |
00000cam a22000004a 4500 |
| 001 |
musev2_52278 |
| 003 |
MdBmJHUP |
| 005 |
20230905045557.0 |
| 006 |
m o d |
| 007 |
cr||||||||nn|n |
| 008 |
090108s2009 miu o 00 0 eng d |
| 010 |
|
|
|z 2020706738
|
| 020 |
|
|
|a 9781929280735
|
| 020 |
|
|
|z 9781929280544
|
| 020 |
|
|
|z 9781929280537
|
| 035 |
|
|
|a (OCoLC)1017612221
|
| 040 |
|
|
|a MdBmJHUP
|c MdBmJHUP
|
| 100 |
1 |
|
|a Nornes, Markus,
|e author.
|
| 245 |
1 |
0 |
|a Research Guide to Japanese Film Studies /
|c Abe Mark Nornes and Aaron Gerow.
|
| 264 |
|
1 |
|a Ann Arbor :
|b Center for Japanese Studies, The University of Michigan,
|c 2009.
|
| 264 |
|
3 |
|a Baltimore, Md. :
|b Project MUSE,
|c 2018
|
| 264 |
|
4 |
|c ©2009.
|
| 300 |
|
|
|a 1 online resource (208 pages).
|
| 336 |
|
|
|a text
|b txt
|2 rdacontent
|
| 337 |
|
|
|a computer
|b c
|2 rdamedia
|
| 338 |
|
|
|a online resource
|b cr
|2 rdacarrier
|
| 490 |
0 |
|
|a Michigan monograph series in Japanese studies ;
|v no 65
|
| 505 |
0 |
|
|a Collections -- Distributors -- Used book and video stores -- Annotated bibliography for bibliographic studies. Bunken-shi/bibliographic studies -- Articles on the history of film criticism -- Anthologies of film criticism and koza -- Indexes and bibliographies -- Film yearbooks and almanacs -- Encyclopedias and dictionaries -- Filmographies -- Biographical dictionaries -- Chronologies -- Script collections and collected works of directors -- Censorship -- Photos, posters, programs -- Film periodicals -- General histories -- Guides to archives -- Local histories -- Studio and production company histories -- Online and digital resources. General databases -- Discs -- Websites -- FAQ.
|
| 588 |
|
|
|a Description based on print version record.
|
| 650 |
0 |
7 |
|a Film.
|2 swd
|
| 650 |
|
7 |
|a Internet
|2 gnd
|
| 650 |
|
7 |
|a Filmarchiv
|2 gnd
|
| 650 |
|
7 |
|a Film
|2 gnd
|
| 650 |
|
7 |
|a Motion pictures.
|2 fast
|0 (OCoLC)fst01027285
|
| 650 |
|
7 |
|a Motion picture industry.
|2 fast
|0 (OCoLC)fst01027150
|
| 650 |
|
7 |
|a Motion picture film collections.
|2 fast
|0 (OCoLC)fst01027145
|
| 650 |
|
7 |
|a Film archives.
|2 fast
|0 (OCoLC)fst00924254
|
| 650 |
|
7 |
|a SOCIAL SCIENCE
|x General.
|2 bisacsh
|
| 650 |
|
6 |
|a Cinema
|z Japon
|v Bibliographie.
|
| 650 |
|
6 |
|a Cinematheques
|v Repertoires.
|
| 650 |
|
6 |
|a Archives cinematographiques
|v Repertoires.
|
| 650 |
|
6 |
|a Cinema
|x Industrie
|z Japon.
|
| 650 |
|
6 |
|a Cinema
|z Japon.
|
| 650 |
|
0 |
|a Motion pictures
|z Japan
|v Bibliography.
|
| 650 |
|
0 |
|a Motion picture film collections
|v Directories.
|
| 650 |
|
0 |
|a Film archives
|v Directories.
|
| 650 |
|
0 |
|a Motion picture industry
|z Japan.
|
| 650 |
|
0 |
|a Motion pictures
|z Japan.
|
| 651 |
|
7 |
|a Japan
|2 gnd
|
| 651 |
|
7 |
|a Japan.
|2 fast
|0 (OCoLC)fst01204082
|
| 655 |
|
7 |
|a Directories.
|2 fast
|0 (OCoLC)fst01423796
|
| 655 |
|
7 |
|a Bibliographies.
|2 fast
|0 (OCoLC)fst01919895
|
| 655 |
|
4 |
|a Führer.
|
| 655 |
|
4 |
|a Bibliographie.
|
| 655 |
|
7 |
|a Electronic books.
|2 local
|
| 700 |
1 |
|
|a Gerow, Aaron Andrew.
|
| 710 |
2 |
|
|a Project Muse.
|e distributor
|
| 830 |
|
0 |
|a Book collections on Project MUSE.
|
| 856 |
4 |
0 |
|z Texto completo
|u https://projectmuse.uam.elogim.com/book/52278/
|
| 945 |
|
|
|a Project MUSE - Custom Collection
|
| 945 |
|
|
|a Project MUSE - Archive Complete Supplement VI
|
| 945 |
|
|
|a Project MUSE - Archive Film, Theater and Performing Arts Supplement VI
|
| 945 |
|
|
|a Project MUSE - Archive Asian and Pacific Studies Supplement V
|